... четвертаго учебнаго курса (Запись № 10157884)
[ простой вид ]
| 000 -МАРКЕР | |
|---|---|
| контрольное поле | 03719nam2a22004571 4500 |
| 001 - ИДЕНТИФИКАТОР ЗАПИСИ | |
| контрольное поле | RU\NLR\19V\935837 |
| 005 - ИДЕНТИФИКАТОР ВЕРСИИ | |
| контрольное поле | 20260407113036.0 |
| 035 ## - ДРУГИЕ СИСТЕМНЫЕ НОМЕРА | |
| Идентификатор записи | (NLR Aleph) 010506327 |
| 100 ## - ДАННЫЕ ОБЩЕЙ ОБРАБОТКИ | |
| Данные общей обработки | 20141017d1821 |||y0rusy50 ca |
| 101 0# - ЯЗЫК РЕСУРСА | |
| Язык текста, звукозаписи и т.д. | русский |
| 102 ## - СТРАНА ПУБЛИКАЦИИ ИЛИ ПРОИЗВОДСТВА | |
| Страна публикации | Российская Федерация |
| 135 ## - ПОЛЕ КОДИРОВАННЫХ ДАННЫХ: ЭЛЕКТРОННЫЕ РЕСУРСЫ | |
| Кодированные данные для электронного ресурса | crcn 024anaba |
| 140 ## - ПОЛЕ КОДИРОВАННЫХ ДАННЫХ: СТАРОПЕЧАТНЫЕ ИЗДАНИЯ - ОБЩАЯ ИНФОРМАЦИЯ | |
| Кодированные данные о старопечатном издании - Основные | y y zz yyyaa0000 |
| 200 0# - ЗАГЛАВИЕ И СВЕДЕНИЯ ОБ ОТВЕТСТВЕННОСТИ | |
| Основное заглавие | ... четвертаго учебнаго курса |
| 210 ## - ПУБЛИКАЦИЯ, РАСПРОСТРАНЕНИЕ И ДР. | |
| Место издания, распространения и т.д. | Санктпетербург |
| Имя издателя, распространителя и т. д. | в Медицинской типографии |
| Дата издания, распространения и т.д. | 1821 |
| 215 ## - ФИЗИЧЕСКАЯ ХАРАКТЕРИСТИКА | |
| Специфическое обозначение материала и объем | 20 с. |
| Размеры | 8° (21 см) |
| 300 ## - ОБЩИЕ ПРИМЕЧАНИЯ | |
| Текст примечания | Ценз.: Поликарп, архим., 18 июня 1821 г. |
| 316 ## - ПРИМЕЧАНИЯ ОБ ОСОБЕННОСТЯХ ЭКЗЕМПЛЯРА | |
| Текст примечания | Экз. РНБ (18.51.6.18 (1)) является частью владельч. конволюта. Припл. 1 един. В цельнокожаном зеленом пер. Корешок гладкий, с золотым тиснением. Крышки пер. украшены орнамент. рамками золотого тиснения. На нижней крышке пер. наклейка с шифром РНБ и штампом электр. б-ки . Обрез золотой. Подвертки также украшены золотым тиснением. На форзаце ярлык с шифром РНБ (поверх экслибриса Эрмитаж. б-ки) и старый ярлык. На тит. л. круглый штамп ГПБ. Размер: 20,6х13х1,5 см |
| Организация и экземпляр, к которому относится поле | NLR: 18.51.6.18 (1) |
| 317 ## - ПРИМЕЧАНИЯ О ПРОИСХОЖДЕНИИ ЭКЗЕМПЛЯРА | |
| Текст примечания | В экз. РНБ (18.51.6.18 (1)) на форзаце экслибрис Эрмитажной б-ки (Богомолов 17894) |
| Организация и экземпляр, к которому относится поле | NLR: 18.51.6.18 (1) |
| 325 ## - ПРИМЕЧАНИЕ О КОПИИ | |
| Текст примечания | Копия доступна в Электрон. б-ке РНБ |
| 461 #1 - УРОВЕНЬ НАБОРА | |
| Встроенное поле | 001RU\NLR\19V\935835 |
| -- | 2001#$aПредметы, назначенные для открытаго испытания студентов Санктпетербургской духовной академии при окончании...$v... четвертого учебного курса |
| 481 #0 - ТАКЖЕ В ЭТОМ ПЕРЕПЛЕТЕ | |
| Встроенное поле | 001v19\rc\2112213 |
| Системный номер (АБИС) связанной записи | 5143642 |
| Место публикации | Санктпетербург |
| Дата публикации | ценз. 1821 |
| Имя издателя, распространителя и т.д. | в Медицинской типографии |
| Сведения, относящиеся к заглавию | изданные по случаю испытания, при окончании четвертаго учебнаго курса 1821 года |
| Физическая характеристика | 140 с. |
| Заглавие | Некоторые опыты упражнений воспитанников Санктпетербургской духовной академии, |
| 518 1# - ЗАГЛАВИЕ В СТАНДАРТНОМ СОВРЕМЕННОМ ПРАВОПИСАНИИ | |
| Основное заглавие, вариант заглавия или унифицированное заглавие | ... четвертого учебного курса |
| 702 #0 - ИМЯ ЛИЦА - ВТОРИЧНАЯ ОТВЕТСТВЕННОСТЬ | |
| Код отношения | Цензор |
| Материалы, к которым относится поле | rus |
| Графика поля | Кириллица |
| Начальный элемент ввода | Поликарп |
| Дополнения к именам, кроме дат | Гойтанников, Петр Ефимович |
| -- | архимандрит |
| Даты | 1787-1837 |
| Идентификатор авторитетной/нормативной записи | RU\NLR\AUTH\7792559 |
| Системный номер авторитетной/нормативной записи | 75486 |
| 712 01 - НАИМЕНОВАНИЕ ОРГАНИЗАЦИИ - ВТОРИЧНАЯ ОТВЕТСТВЕННОСТЬ | |
| Код отношения | Печатник (типограф) |
| Начальный элемент ввода | Россия |
| Структурное подразделение | Министерство внутренних дел |
| -- | Медицинская типография |
| Идентификатор авторитетной/нормативной записи | RU\NLR\AUTH\889942197 |
| Системный номер авторитетной/нормативной записи | 379251 |
| 801 #0 - ИСТОЧНИК ЗАПИСИ | |
| Страна | Российская Федерация |
| Организация | NLR |
| Дата составления | 20141017 |
| Правила каталогизации | psbo |
| 801 #1 - ИСТОЧНИК ЗАПИСИ | |
| Страна | Российская Федерация |
| Организация | NLR |
| Дата составления | 20141017 |
| Источник данных | rusmarc |
| 852 ## - МЕСТОНАХОЖДЕНИЕ И ШИФР ХРАНЕНИЯ | |
| Идентификатор организации | NLR |
| Шифр хранения (Call Number) | 18.51.6.18 (1) |
| 942 ## - ДОПОЛНИТЕЛЬНЫЕ ЭЛЕМЕНТЫ ЗАПИСИ (АБИС) | |
| Тип экземпляра АБИС | Книга |
| 980 ## - КОЛЛЕКЦИЯ | |
| Название коллекции | Национальная библиография |
| 980 3# - КОЛЛЕКЦИЯ | |
| Название коллекции | |
| 980 3# - КОЛЛЕКЦИЯ | |
| Название коллекции | |
| 980 3# - КОЛЛЕКЦИЯ | |
| Название коллекции | |
| 981 43 - КОЛЛЕКЦИЯ ЭЛЕКТРОННОЙ БИБЛИОТЕКИ | |
| Название коллекции | Тематическая подборка Санкт-Петербург |
| Название подколлекции | 07.2. Духовное образование |
| 981 22 - КОЛЛЕКЦИЯ ЭЛЕКТРОННОЙ БИБЛИОТЕКИ | |
| Название коллекции | Материалы по истории России |
| Название подколлекции | 2.10. Религиозные конфессии |
| 981 20 - КОЛЛЕКЦИЯ ЭЛЕКТРОННОЙ БИБЛИОТЕКИ | |
| Название коллекции | Книжные памятники РНБ |
| Название подколлекции | Русский книжный фонд |
Нет доступных экземпляров.